| 000 | 02276nam2a2200433 4500 | ||
|---|---|---|---|
| 001 | RU\NLR\bibl\2043319 | ||
| 005 | 20260408164406.0 | ||
| 010 |
_a978-5-98672-349-5 _91000 |
||
| 021 |
_aRU _b2013-38521 _92644 |
||
| 035 | _a(NLR Aleph) 002030566 | ||
| 090 |
_a4548455 _c4548455 |
||
| 100 | _a20130614d2013 u y0rusy50 ca | ||
| 101 | 0 | _arus | |
| 102 | _aRU | ||
| 105 | _aa ||||||||| | ||
| 135 | _acrmn mmmancda | ||
| 200 | 0 | _a[Ч. 3] | |
| 210 | _d2013 | ||
| 215 |
_a220, [1] с. _cил. |
||
| 225 | 1 |
_a... _v9 |
|
| 320 | _aБиблиогр.: с. 218-219 (26 назв.) | ||
| 325 | _aКопия доступна в Электрон. б-ке РНБ | ||
| 461 | 0 |
_1001RU\NLR\bibl\2075360 _12001#$aПеремещение и складирование горных пород$v[Ч. 3] _94685241 _aРепин, Н. Я. _cМосква _d2013 _fН.Я. Репин, Л.Н. Репин _nГорная книга _oучебное пособие для студентов вузов, обучающихся по специальности "Открытые горные работы" направления подготовки "Горное дело" _tПеремещение и складирование горных пород _v[Ч. 3] |
|
| 606 |
_aКарьерный транспорт (горн.) _jУчебные издания для высших учебных заведений _3RU\NLR\auth\66285817 _91416371 |
||
| 606 |
_aОтвалы (горн.) _jУчебные издания для высших учебных заведений _3RU\NLR\auth\66456094 _91144609 |
||
| 686 | _aИ168я73-1 | ||
| 801 | 0 |
_aRU _bNLR _c20130614 _gRCR |
|
| 801 | 1 |
_aRU _bNLR _c20130614 |
|
| 856 | 0 | _uhttp://vivaldi.nlr.ru/bx000009823/view | |
| 856 | 1 | _uhttp://vivaldi.nlr.ru/bx000009823/cover | |
| 856 | 2 | _uhttp://vivaldi.nlr.ru/bx000009823/text | |
| 942 | _cBOOK | ||
| 980 | _aNBR | ||
| 980 | _aNB | ||
| 981 | 1 | 3 |
_a(13) Документы, защищенные авторским правом _b(13) Современная научная, научно-популярная и популярная л |